000 00472nam a2200133Ia 4500
008 100328s9999 xx 000 0 und d
082 _b68942
100 _aपचिंद्रे श्रीराम.
245 _aमुलाखत आणि शब्दांकन.
260 _bनवदुर्गा.
630 _aमुलाखत आणि शब्दांकन.
730 _aमुलाखत आणि शब्दांकन.
942 _cBOOK
999 _c554675
_d554672